[Event "XIV American Continental"]
[Site "Sao Paulo BRA"]
[Date "2019.07.10"]
[Round "8.91"]
[White "Monteiro, Marcos Paulo de Souza"]
[Black "Japiassu, Glauco Antonio Bezerra"]
[Result "1/2-1/2"]
[WhiteElo "1953"]
[BlackElo "1526"]
[EventDate "2019.07.05"]
[PlyCount "88"]
[EventRounds "11"]
[EventCountry "BRA"]

1.d4 e6 2.c4 d5 3.Nc3 c6 4.cxd5 exd5 5.Qc2 Nf6 6.Bg5 Be7 7.e3 Be6 8.Bd3 h6
9.Bh4 Nbd7 10.Nge2 O-O 11.O-O Nh5 12.Bxe7 Qxe7 13.Rae1 b5 14.Nf4 Nhf6 15.
e4 Qb4 16.exd5 Nxd5 17.Nxe6 fxe6 18.Nxd5 cxd5 19.Qc6 Nf6 20.Qc3 Qxc3 21.
bxc3 Kf7 22.Bxb5 Ne4 23.Re3 Rfc8 24.c4 Nd2 25.cxd5 Nxf1 26.dxe6+ Ke7 27.
Kxf1 Rab8 28.a4 a6 29.Bxa6 Rc6 30.Bb5 Rxe6 31.d5 Rxe3 32.fxe3 Kd6 33.Bc6 
Rb2 34.h4 g5 35.hxg5 hxg5 36.Ba8 Ra2 37.Bc6 Ke5 38.e4 Kd6 39.Be8 Ke5 40.
Bg6 Rxa4 41.Kf2 Ra3 42.Bf5 g4 43.Bxg4 Kxe4 44.Be6 Ke5 1/2-1/2

[Event "XIV American Continental"]
[Site "Sao Paulo BRA"]
[Date "2019.07.10"]
[Round "8.92"]
[White "Cadilhac, Mariana Sawae Kikuchi"]
[Black "Brito, Vicente de Paulo Alencar"]
[Result "1-0"]
[WhiteElo "1639"]
[BlackElo "1948"]
[EventDate "2019.07.05"]
[PlyCount "119"]
[EventRounds "11"]
[EventCountry "BRA"]

1.e4 d6 2.d4 Nf6 3.Nc3 g6 4.g3 Bg7 5.Bg2 O-O 6.Nge2 e5 7.O-O c6 8.a4 Qc7 
9.h3 a5 10.Be3 Na6 11.Qd2 Re8 12.f4 Nd7 13.fxe5 dxe5 14.d5 Qd6 15.Rf2 Nc7 
16.Raf1 cxd5 17.Nxd5 Nxd5 18.Qxd5 Qxd5 19.exd5 f5 20.Nc3 f4 21.Bd2 fxg3 
22.Rf3 e4 23.Rxg3 Be5 24.Rg5 Bd4+ 25.Kh1 e3 26.Bc1 e2 27.Re1 Bf6 28.Rg4 
Nc5 29.Rc4 b6 30.Rxe2 Ba6 31.Rxe8+ Rxe8 32.Ne4 Bg7 33.Rxc5 bxc5 34.d6 Bb7 
35.d7 Rd8 36.Nxc5 Bxg2+ 37.Kxg2 Bf6 38.Bd2 Ra8 39.Ne6 Ra7 40.d8=Q+ Bxd8 
41.Nxd8 Rc7 42.Bc3 Rc4 43.Nb7 Rxa4 44.Bxa5 Re4 45.c3 Re7 46.Nd6 Re5 47.Nc4
Rd5 48.Bb6 Kf7 49.Bd4 Ke6 50.b4 Rg5+ 51.Kh2 Kd5 52.Ne5 Rf5 53.Ng4 Rf7 54.
b5 h5 55.Ne5 Rb7 56.b6 g5 57.Nd3 g4 58.Nc5 Rxb6 59.Nd3 gxh3 60.Bxb6 1-0

[Event "XIV American Continental"]
[Site "Sao Paulo BRA"]
[Date "2019.07.10"]
[Round "8.93"]
[White "De Oliveira, Francemir Barra"]
[Black "Da Silva, Jefferson Rian Ferreir"]
[Result "1-0"]
[WhiteElo "1600"]
[BlackElo "1936"]
[EventDate "2019.07.05"]
[PlyCount "53"]
[EventRounds "11"]
[EventCountry "BRA"]

1.e4 e5 2.Nf3 Nf6 3.d3 Nc6 4.c3 d5 5.exd5 Qxd5 6.Be2 Bg4 7.Nbd2 O-O-O 8.
Qc2 Bf5 9.c4 Qa5 10.O-O Nb4 11.Qc3 Bxd3 12.Bxd3 Rxd3 13.Qxe5 Bc5 14.a3 Nc6
15.Qf5+ Rd7 16.Qc2 Bd6 17.b4 Qh5 18.c5 Bf4 19.Nb3 Bxc1 20.Raxc1 a6 21.Qc4 
Qd5 22.Qe2 Qd3 23.Qb2 Rhd8 24.Rb1 Na7 25.a4 c6 26.Na5 Nd5 27.Nc4 1-0

[Event "XIV American Continental"]
[Site "Sao Paulo BRA"]
[Date "2019.07.10"]
[Round "8.94"]
[White "Ferreira, Caio Tulio Moreira"]
[Black "Borensztajn, David"]
[Result "1-0"]
[WhiteElo "1579"]
[BlackElo "1777"]
[EventDate "2019.07.05"]
[PlyCount "83"]
[EventRounds "11"]
[EventCountry "BRA"]

1.e4 c5 2.Nf3 g6 3.d4 cxd4 4.Nxd4 Bg7 5.Be3 Nc6 6.c4 Nf6 7.f3 O-O 8.Nc3 a6
9.Qd2 Nxd4 10.Bxd4 d6 11.Be2 Be6 12.O-O Rc8 13.b3 Bd7 14.Rac1 Qa5 15.Rfd1 
Qh5 16.g4 Bxg4 17.fxg4 Nxg4 18.Bxg4 Qxg4+ 19.Qg2 Bxd4+ 20.Rxd4 Qf4 21.Rdd1
Qe3+ 22.Qf2 Qg5+ 23.Qg3 Qc5+ 24.Kg2 f5 25.exf5 Rxf5 26.h4 b5 27.Nd5 Qa7 
28.Qe3 Qa8 29.Kg1 Re5 30.Qd4 Qb7 31.c5 Qd7 32.Nb6 Qh3 33.Rd3 Qe6 34.Nxc8 
Re1+ 35.Rxe1 Qxe1+ 36.Kg2 Qe2+ 37.Kg3 Qe1+ 38.Qf2 Qe5+ 39.Kg2 d5 40.Re3 
Qc7 41.Nxe7+ Qxe7 42.Rxe7 1-0

[Event "XIV American Continental"]
[Site "Sao Paulo BRA"]
[Date "2019.07.10"]
[Round "8.95"]
[White "Azevedo, Eduardo Jose Estevao de"]
[Black "Pereira Filho, Hildebrando Apolonio"]
[Result "1-0"]
[WhiteElo "1738"]
[BlackElo "1573"]
[EventDate "2019.07.05"]
[PlyCount "55"]
[EventRounds "11"]
[EventCountry "BRA"]

1.d4 d5 2.Bf4 g6 3.Be5 Nf6 4.Bxf6 exf6 5.g3 Bg7 6.Bg2 c6 7.e3 Qe7 8.Nd2 
Nd7 9.Ne2 f5 10.O-O O-O 11.c4 Nf6 12.c5 Re8 13.Nc3 Ne4 14.Ndxe4 fxe4 15.b4
Be6 16.Rb1 Qd7 17.Re1 Bf5 18.b5 Bf6 19.bxc6 bxc6 20.Qa4 Reb8 21.Qa6 Qc7 
22.Nxd5 cxd5 23.Qxf6 Qa5 24.h4 Qxa2 25.Rxb8+ Rxb8 26.h5 Rb2 27.h6 Kf8 28.
Qd8# 1-0

[Event "XIV American Continental"]
[Site "Sao Paulo BRA"]
[Date "2019.07.10"]
[Round "8.96"]
[White "Itagyba, Renan Fortes"]
[Black "Machado, Wesley Henrique"]
[Result "1-0"]
[WhiteElo "1719"]
[BlackElo "1386"]
[EventDate "2019.07.05"]
[PlyCount "101"]
[EventRounds "11"]
[EventCountry "BRA"]

1.e4 e5 2.Nf3 Nc6 3.d4 exd4 4.Nxd4 Bc5 5.Nb3 Bb6 6.Nc3 Qf6 7.Qe2 Nd4 8.
Nxd4 Bxd4 9.Nd5 Qc6 10.c3 Bb6 11.Qg4 Qg6 12.Qxg6 hxg6 13.Bf4 Nf6 14.Nxc7+ 
Bxc7 15.Bxc7 Nxe4 16.Bd3 d5 17.O-O O-O 18.Rfe1 Bf5 19.f3 Rac8 20.Ba5 Nd6 
21.Rad1 Bxd3 22.Rxd3 Nc4 23.Rxd5 Rfe8 24.Rxe8+ Rxe8 25.b3 Nxa5 26.Rxa5 a6 
27.Kf2 Rd8 28.Re5 f6 29.Re2 Kf7 30.c4 Rd1 31.Rb2 Rd4 32.Ke3 Rd1 33.Rd2 
Rxd2 34.Kxd2 Ke6 35.Ke3 g5 36.Kd4 Kd6 37.b4 Kc6 38.a4 g6 39.a5 Kd6 40.b5 
f5 41.g4 Ke6 42.bxa6 bxa6 43.c5 f4 44.h3 Kd7 45.Kd5 Kc7 46.c6 Kc8 47.Ke6 
Kc7 48.Kf6 Kxc6 49.Kxg6 Kb5 50.Kxg5 Kxa5 51.h4 1-0

[Event "XIV American Continental"]
[Site "Sao Paulo BRA"]
[Date "2019.07.10"]
[Round "8.98"]
[White "Caldas, Raphael C B R Leitao"]
[Black "Do Prado, Hamilton Mesquita"]
[Result "0-1"]
[WhiteElo "1421"]
[BlackElo "1675"]
[EventDate "2019.07.05"]
[PlyCount "68"]
[EventRounds "11"]
[EventCountry "BRA"]

1.e4 d6 2.d4 Nf6 3.Nc3 Nbd7 4.f4 e5 5.Nf3 exd4 6.Qxd4 Be7 7.Be3 O-O 8.h3 
c6 9.a4 a5 10.Bc4 d5 11.Be2 c5 12.Qd2 d4 13.Nxd4 cxd4 14.Bxd4 Bc5 15.O-O-O
Bxd4 16.Qxd4 Qb6 17.Qd2 Nc5 18.Qd4 Be6 19.Nd5 Bxd5 20.exd5 Rfd8 21.Bf3 Rd6
22.Rd2 Rad8 23.Rhd1 Rc8 24.Kb1 Re8 25.g4 Red8 26.g5 Nfd7 27.f5 Qb4 28.Qxb4
axb4 29.b3 Nb6 30.Rd4 Na6 31.h4 Re8 32.Be4 Re5 33.f6 Nd7 34.Rf1 gxf6 0-1

[Event "XIV American Continental"]
[Site "Sao Paulo BRA"]
[Date "2019.07.10"]
[Round "8.99"]
[White "Reyes, Jesus"]
[Black "Andreata, Mauro Antonio"]
[Result "1/2-1/2"]
[WhiteElo "1354"]
[BlackElo "1648"]
[EventDate "2019.07.05"]
[PlyCount "89"]
[EventRounds "11"]
[EventCountry "BRA"]

1.e4 c5 2.Nf3 d6 3.d3 e5 4.g3 Nc6 5.Bg2 Nf6 6.O-O Be7 7.Nc3 h6 8.Nh4 Nd4 
9.f4 Bg4 10.Qd2 Be6 11.f5 Bd7 12.Qd1 Bc6 13.Be3 Rc8 14.a4 a6 15.Nb1 Bd7 
16.c3 Nc6 17.d4 cxd4 18.cxd4 Nb4 19.Nc3 a5 20.d5 Na6 21.Bf2 Nb4 22.h3 Nh7 
23.Nf3 Nf6 24.Ne1 O-O 25.Be3 Na6 26.Nd3 Rc4 27.Bf3 Rc8 28.Qd2 Kh7 29.Kh1 
Ng8 30.Rf2 g6 31.g4 g5 32.Rg1 Kg7 33.Rh2 f6 34.Rc1 Qe8 35.b3 Qd8 36.Qd1 
Be8 37.Rhc2 Bd7 38.Na2 Rxc2 39.Rxc2 Qb8 40.Bb6 Bd8 41.Qg1 Ne7 42.Bxd8 Qxd8
43.Be2 Nc8 44.Qe3 Qb6 45.Qxb6 1/2-1/2

[Event "XIV American Continental"]
[Site "Sao Paulo BRA"]
[Date "2019.07.10"]
[Round "8.101"]
[White "Da Rosa, Henrique Jaze Simoes"]
[Black "Melo, Luiz Claudio Parijos de"]
[Result "1-0"]
[WhiteElo "1633"]
[BlackElo "1695"]
[EventDate "2019.07.05"]
[PlyCount "127"]
[EventRounds "11"]
[EventCountry "BRA"]

1.Nf3 Nf6 2.c4 g6 3.g3 Bg7 4.Bg2 d6 5.d4 O-O 6.O-O Nc6 7.Nc3 e5 8.e4 Bg4 
9.d5 Nd4 10.Be3 Nd7 11.h3 Nxf3+ 12.Kh1 Nh2 13.hxg4 Nxf1 14.Qxf1 f5 15.gxf5
gxf5 16.exf5 Rxf5 17.Bh3 Rf8 18.Be6+ Kh8 19.Qh3 Nc5 20.Bf5 Rxf5 21.Qxf5 
Qf6 22.Qxf6 Bxf6 23.b4 Nd3 24.Rb1 a6 25.Kg2 b6 26.Kf3 a5 27.a3 axb4 28.
axb4 e4+ 29.Nxe4 Ne5+ 30.Kg2 Be7 31.c5 bxc5 32.bxc5 Ra4 33.cxd6 cxd6 34.
Rb8+ Kg7 35.Rb7 Kf8 36.Ng5 h5 37.Ne6+ Kf7 38.Bg5 Ng6 39.Bxe7 Nxe7 40.Rd7 
Ra6 41.Rb7 Kf6 42.Nf4 h4 43.gxh4 Ra5 44.Rd7 Kf5 45.Rxe7 Kxf4 46.h5 Kg5 47.
h6 Kxh6 48.Re6+ Kg5 49.Rxd6 Kf5 50.Rd8 Ke5 51.Kg3 Kf6 52.Kg4 Ke7 53.Rg8 
Rxd5 54.f4 Rd1 55.Rg6 Kf7 56.Rh6 Rg1+ 57.Kf5 Rb1 58.Rh7+ Kg8 59.Re7 Rb6 
60.Re6 Rb7 61.Kg5 Kf7 62.Rh6 Rb5+ 63.f5 Kg7 64.Rd6 1-0

[Event "XIV American Continental"]
[Site "Sao Paulo BRA"]
[Date "2019.07.10"]
[Round "8.102"]
[White "Nobre, Jailson Altair Barbosa"]
[Black "Leite, Tarcisio Dantas Frota"]
[Result "1/2-1/2"]
[WhiteElo "1692"]
[BlackElo "1571"]
[EventDate "2019.07.05"]
[PlyCount "82"]
[EventRounds "11"]
[EventCountry "BRA"]

1.e4 c5 2.Nf3 Nc6 3.d3 Nf6 4.g3 g6 5.Bg2 Bg7 6.O-O O-O 7.Nc3 Rb8 8.Nh4 d6 
9.h3 b5 10.f4 Nd4 11.Ne2 Nh5 12.Kh2 Nxe2 13.Qxe2 Nf6 14.f5 Nd7 15.c3 a5 
16.Bd2 b4 17.Rab1 Ba6 18.c4 Ne5 19.fxg6 fxg6 20.Nf3 Nc6 21.b3 Qd7 22.Be3 
Rf7 23.Ng5 Rxf1 24.Rxf1 Rf8 25.Rxf8+ Bxf8 26.h4 Bc8 27.Bh3 Qe8 28.Ne6 Bxe6
29.Bxe6+ Kh8 30.Qf2 Bg7 31.Kg2 Qf8 32.Qxf8+ Bxf8 33.Kf2 Bg7 34.Ke2 Nd4+ 
35.Bxd4 Bxd4 36.Kf3 h6 37.Bd7 Kg7 38.g4 Kf6 39.Be8 g5 40.h5 Ke5 41.Bd7 Bb2
1/2-1/2

[Event "XIV American Continental"]
[Site "Sao Paulo BRA"]
[Date "2019.07.10"]
[Round "8.103"]
[White "Da Silveira, Thiago Graca"]
[Black "Haraguchi, Matheus Sashaki"]
[Result "1-0"]
[WhiteElo "1590"]
[BlackElo "1555"]
[EventDate "2019.07.05"]
[PlyCount "53"]
[EventRounds "11"]
[EventCountry "BRA"]

1.e4 e6 2.d4 d5 3.exd5 exd5 4.Nf3 Bf5 5.Bd3 Bxd3 6.Qxd3 c6 7.O-O Nf6 8.Bg5
Be7 9.Re1 O-O 10.Nbd2 Nbd7 11.c3 Re8 12.Re2 Qc7 13.Rae1 Bd6 14.Ne5 Nxe5 
15.dxe5 Rxe5 16.Bxf6 gxf6 17.Qg3+ Rg5 18.Re8+ Rxe8 19.Rxe8+ Kg7 20.Qh3 Qb6
21.Qc8 Kh6 22.Nf3 Qxb2 23.h4 Rg7 24.Qf5 Qxc3 25.g4 Qc1+ 26.Re1 Qf4 27.Qh5#
1-0

[Event "XIV American Continental"]
[Site "Sao Paulo BRA"]
[Date "2019.07.10"]
[Round "8.104"]
[White "Passos Coutinho, Eduardo"]
[Black "Olivo, Anibal Ribeiro"]
[Result "1-0"]
[WhiteElo "1728"]
[BlackElo "1649"]
[EventDate "2019.07.05"]
[PlyCount "83"]
[EventRounds "11"]
[EventCountry "BRA"]

1.e4 e5 2.Nf3 Nc6 3.d4 exd4 4.Bc4 Nf6 5.e5 d5 6.Bb5 Ne4 7.Nxd4 Bc5 8.Bxc6+
bxc6 9.O-O O-O 10.f3 Ng5 11.Be3 Bd7 12.f4 Ne6 13.Kh1 Nxd4 14.Bxd4 Bb6 15.
Bf2 f6 16.Bh4 Bf5 17.Nd2 Qc8 18.exf6 gxf6 19.Qf3 Qd7 20.Qc3 Qd6 21.Rae1 
Rf7 22.Rf3 Raf8 23.h3 Re7 24.Rxe7 Qxe7 25.Qxc6 Qe2 26.Qxd5+ Be6 27.Qd3 
Qd1+ 28.Nf1 Qb1 29.b3 c6 30.Bf2 Rd8 31.Qe2 Bxf2 32.Qxe6+ Kf8 33.Qxf6+ Ke8 
34.Rxf2 Rd1 35.Qxc6+ Kf8 36.Qc4 Re1 37.Kh2 Qd1 38.Qd3 Qc1 39.Ng3 h5 40.Rf1
h4 41.Rxe1 hxg3+ 42.Qxg3 1-0

[Event "XIV American Continental"]
[Site "Sao Paulo BRA"]
[Date "2019.07.11"]
[Round "9.4"]
[White "Gareev, Timur"]
[Black "Salinas Herrera, Pablo"]
[Result "1/2-1/2"]
[WhiteElo "2588"]
[BlackElo "2498"]
[EventDate "2019.07.05"]
[PlyCount "68"]
[EventRounds "11"]
[EventCountry "BRA"]

1.d4 d5 2.c4 c6 3.Nf3 Nf6 4.e3 g6 5.b3 Bg7 6.Bb2 O-O 7.Nbd2 b6 8.Bd3 Bb7 
9.O-O Nbd7 10.Qe2 c5 11.Rfd1 cxd4 12.Bxd4 Qb8 13.cxd5 Nxd5 14.Bxg7 Kxg7 
15.Ne4 N5f6 16.Qb2 Rd8 17.h3 Kg8 18.Nxf6+ Nxf6 19.Bc4 Bxf3 20.gxf3 Qc7 21.
Rac1 Rxd1+ 22.Rxd1 Rd8 23.Rxd8+ Qxd8 24.Qe5 Kg7 25.b4 a5 26.bxa5 bxa5 27.
Kg2 e6 28.Qc5 Ne8 29.Bb3 Kg8 30.Kf1 Qd3+ 31.Ke1 Qb1+ 32.Ke2 Qb2+ 33.Ke1 
Qb1+ 34.Ke2 Qb2+ 1/2-1/2

[Event "XIV American Continental"]
[Site "Sao Paulo BRA"]
[Date "2019.07.11"]
[Round "9.6"]
[White "Roselli Mailhe, Bernardo"]
[Black "Perez Ponsa, Federico"]
[Result "0-1"]
[WhiteElo "2471"]
[BlackElo "2560"]
[EventDate "2019.07.05"]
[PlyCount "72"]
[EventRounds "11"]
[EventCountry "BRA"]

1.d4 Nf6 2.c4 g6 3.Nc3 Bg7 4.e4 d6 5.Nf3 O-O 6.Be2 e5 7.d5 a5 8.Bg5 h6 9.
Bh4 Na6 10.Nd2 Qe8 11.O-O Nh7 12.a3 Bd7 13.b3 h5 14.f3 Bf6 15.Bxf6 Nxf6 
16.Qc2 Qe7 17.Qb2 h4 18.f4 h3 19.g3 Ng4 20.Nd1 f5 21.Bxg4 fxg4 22.b4 exf4 
23.gxf4 axb4 24.axb4 c5 25.dxc6 bxc6 26.Qc3 d5 27.c5 Nc7 28.Rxa8 Rxa8 29.
Ne3 Nb5 30.Qb2 d4 31.Nec4 Nc3 32.Ra1 Rf8 33.Ne5 Ne2+ 34.Kh1 Qh4 35.Qa2+ 
Kg7 36.Qa7 Rf7 0-1

[Event "XIV American Continental"]
[Site "Sao Paulo BRA"]
[Date "2019.07.11"]
[Round "9.8"]
[White "Santiago, Yago de Moura"]
[Black "Garcia Pantoja, Roberto"]
[Result "0-1"]
[WhiteElo "2473"]
[BlackElo "2529"]
[EventDate "2019.07.05"]
[PlyCount "198"]
[EventRounds "11"]
[EventCountry "BRA"]

1.c4 e5 2.g3 Nc6 3.Bg2 Bc5 4.Nc3 a6 5.Nf3 d6 6.O-O Nf6 7.e3 O-O 8.Nd5 Ba7 
9.b3 Nxd5 10.cxd5 Nb4 11.Ne1 c6 12.dxc6 Nxc6 13.Bb2 Bf5 14.Kh1 d5 15.f4 e4
16.g4 Bd7 17.d3 exd3 18.f5 d4 19.exd4 Bxd4 20.Nxd3 Qf6 21.g5 Qd6 22.Nf4 
Bxf5 23.Bxd4 Qxd4 24.Qxd4 Nxd4 25.Nd5 Be6 26.Nc7 Rad8 27.Bxb7 Bh3 28.Rfd1 
a5 29.Nd5 Ne6 30.Rd3 Bg4 31.Rg3 Bh5 32.Ne7+ Kh8 33.Bf3 Bxf3+ 34.Rxf3 Nxg5 
35.Rf5 h6 36.Nc6 Rd2 37.Nxa5 Re8 38.Nc4 Rc2 39.Na3 Rce2 40.Nc4 R8e4 41.
Raf1 Rxa2 42.R5f2 Ra6 43.Rd2 f6 44.Nd6 Rb4 45.Nf5 Ra7 46.Rd3 Kh7 47.Kg1 
Rab7 48.Rb1 Ne4 49.Rc1 R7b5 50.Nd4 Rd5 51.Nc6 Rxd3 52.Nxb4 Rxb3 53.Nd5 Rd3
54.Nf4 Rd7 55.Rc8 g5 56.Ne6 Rd1+ 57.Kg2 Kg6 58.Kf3 f5 59.Rf8 Rd3+ 60.Kg2 
Rd6 61.Nc7 Rd2+ 62.Kg1 Rd7 63.Ne6 Rd6 64.Nc7 Nf6 65.Nb5 Rd1+ 66.Kg2 Rd2+ 
67.Kg1 Ng4 68.h3 Ne5 69.Re8 Nf3+ 70.Kf1 f4 71.Nc3 Nh2+ 72.Kg1 Nf3+ 73.Kf1 
Rd3 74.Ne2 Nh4 75.Ng1 Rd1+ 76.Kf2 Rd2+ 77.Kf1 Ra2 78.Re6+ Kg7 79.Rb6 Ra1+ 
80.Kf2 Ra2+ 81.Kf1 Rh2 82.Rb5 Kg6 83.Rb6+ Kh5 84.Rf6 Ng2 85.Kf2 Ne3+ 86.
Ke1 Rh1 87.Kf2 Rxh3 88.Rxh6+ Kxh6 89.Nxh3 Kg6 90.Kf3 Kf5 91.Ng1 g4+ 92.Kf2
Nc4 93.Ne2 Ne5 94.Nd4+ Ke4 95.Ne2 Nd3+ 96.Kf1 g3 97.Kg1 Kf3 98.Nd4+ Kg4 
99.Kg2 f3+ 0-1

[Event "XIV American Continental"]
[Site "Sao Paulo BRA"]
[Date "2019.07.11"]
[Round "9.10"]
[White "Gemy, Jose Daniel"]
[Black "Leitao, Rafael"]
[Result "0-1"]
[WhiteElo "2371"]
[BlackElo "2616"]
[EventDate "2019.07.05"]
[PlyCount "78"]
[EventRounds "11"]
[EventCountry "BRA"]

1.e4 c5 2.Nf3 d6 3.g3 Nc6 4.Bg2 g6 5.O-O Bg7 6.c3 e5 7.d3 Nge7 8.a3 O-O 9.
b4 a6 10.Nbd2 h6 11.Nb3 b6 12.a4 cxb4 13.cxb4 Nxb4 14.a5 Be6 15.Be3 bxa5 
16.Nxa5 Nec6 17.Nxc6 Nxc6 18.Qc1 Na5 19.Qa3 Nb3 20.Rab1 Nc5 21.Nxe5 dxe5 
22.Bxc5 Re8 23.Rfd1 Qd7 24.Qa5 Rec8 25.Rb6 Bf6 26.Rbb1 h5 27.h4 Qc7 28.Bb6
Qd6 29.d4 exd4 30.e5 Bxe5 31.Bxa8 Rxa8 32.Qc5 Qxc5 33.Bxc5 Bf5 34.f4 Bg7 
35.Rb6 Rc8 36.Bxd4 Rd8 37.Rb4 a5 38.Rc4 Be6 39.Ra4 Bb3 0-1

[Event "XIV American Continental"]
[Site "Sao Paulo BRA"]
[Date "2019.07.11"]
[Round "9.11"]
[White "Mecking, Henrique"]
[Black "Cadilhac, Igor Tokuichi Kikuchi"]
[Result "1/2-1/2"]
[WhiteElo "2576"]
[BlackElo "2291"]
[EventDate "2019.07.05"]
[PlyCount "86"]
[EventRounds "11"]
[EventCountry "BRA"]

1.d4 Nf6 2.Nf3 e6 3.g3 d5 4.Bg2 Be7 5.c4 O-O 6.O-O dxc4 7.Ne5 Nc6 8.Bxc6 
bxc6 9.Nxc6 Qe8 10.Nxe7+ Qxe7 11.Qa4 e5 12.dxe5 Qxe5 13.Nc3 Ne4 14.Qxc4 
Nxc3 15.bxc3 Be6 16.Bf4 Bxc4 17.Bxe5 c6 18.Rfe1 Rfe8 19.Bd4 Bxe2 20.Kg2 a6
21.a4 Re6 22.f3 Rae8 23.Kf2 Bd3 24.Rxe6 Rxe6 25.Ra2 f6 26.g4 g5 27.Rb2 Kf7
28.Kg3 Kg6 29.h4 h5 30.hxg5 fxg5 31.gxh5+ Kxh5 32.Rb8 Be2 33.Rh8+ Kg6 34.
Rg8+ Kf5 35.a5 Bd1 36.Rd8 Be2 37.Kf2 Bc4 38.Kg3 Be2 39.Rf8+ Kg6 40.Rg8+ 
Kf5 41.Rf8+ Kg6 42.f4 gxf4+ 43.Kxf4 Bb5 1/2-1/2

[Event "XIV American Continental"]
[Site "Sao Paulo BRA"]
[Date "2019.07.11"]
[Round "9.12"]
[White "Krysa, Leandro"]
[Black "Hernandez Sanchez, Jairo Andres"]
[Result "0-1"]
[WhiteElo "2517"]
[BlackElo "2387"]
[EventDate "2019.07.05"]
[PlyCount "102"]
[EventRounds "11"]
[EventCountry "BRA"]

1.d4 Nf6 2.c4 g6 3.Nf3 Bg7 4.g3 O-O 5.Bg2 d6 6.O-O Nbd7 7.Nc3 e5 8.b3 Re8 
9.dxe5 dxe5 10.Ba3 c6 11.Nd2 Nf8 12.Qc1 Bf5 13.c5 Bh6 14.e3 Qe7 15.Nc4 Bd3
16.Rd1 Bxc4 17.bxc4 Ne6 18.Nd5 cxd5 19.c6 Qd8 20.cxd5 Nd4 21.Qc4 Nf5 22.d6
bxc6 23.Bxc6 Nd7 24.Rab1 Rc8 25.Rb7 Rf8 26.Qa4 Nb6 27.Qe4 Bg5 28.Kg2 Rb8 
29.Rc7 Nc8 30.Qxe5 Qf6 31.Qxf6 Bxf6 32.d7 Nce7 33.e4 Nxc6 34.Bxf8 Nd8 35.
Rc8 Ne3+ 36.fxe3 Rb2+ 37.Kf3 Kxf8 38.e5 Be7 39.a4 Ra2 40.Rd4 Rxh2 41.Ra8 
Kg7 42.Rxa7 Ne6 43.Ke4 Bd8 44.Rd1 Ra2 45.Kd5 Ra3 46.Kd6 h5 47.Ra8 Kf8 48.
Rd5 Rxe3 49.a5 Rxg3 50.a6 Ra3 51.a7 Ra6# 0-1

[Event "XIV American Continental"]
[Site "Sao Paulo BRA"]
[Date "2019.07.11"]
[Round "9.14"]
[White "Hambleton, Aman"]
[Black "Abdalla, Luiz Guilherme Aurelli"]
[Result "1-0"]
[WhiteElo "2487"]
[BlackElo "2245"]
[EventDate "2019.07.05"]
[PlyCount "71"]
[EventRounds "11"]
[EventCountry "BRA"]

1.c4 c5 2.Nf3 Nc6 3.Nc3 g6 4.d4 cxd4 5.Nxd4 Bg7 6.Nc2 Nf6 7.e4 d6 8.Be2 
O-O 9.O-O Nd7 10.Re1 Nc5 11.Bf1 Bxc3 12.bxc3 Qa5 13.Bd2 Qa4 14.Bh6 Re8 15.
Qd2 Be6 16.Nb4 Rac8 17.f4 f6 18.Re3 Na5 19.Qe1 Nxc4 20.Rg3 Bf7 21.h4 Nd7 
22.h5 Qa5 23.hxg6 hxg6 24.Rd1 Rc5 25.e5 Ncxe5 26.fxe5 Rxe5 27.Be3 Kg7 28.
Nd3 Re4 29.Bh6+ Kxh6 30.Qxe4 Kg7 31.Nf4 Ne5 32.Bd3 Rh8 33.Bb1 Qb6+ 34.Qe3 
Qb5 35.Bxg6 Bxg6 36.Nxg6 1-0

[Event "XIV American Continental"]
[Site "Sao Paulo BRA"]
[Date "2019.07.11"]
[Round "9.15"]
[White "Escalante Ramirez, Brian Sebastian"]
[Black "Mieles Palau, Daniel"]
[Result "1/2-1/2"]
[WhiteElo "2447"]
[BlackElo "2359"]
[EventDate "2019.07.05"]
[PlyCount "116"]
[EventRounds "11"]
[EventCountry "BRA"]

1.e4 c5 2.Nc3 Nc6 3.Nge2 g6 4.d4 cxd4 5.Nxd4 Bg7 6.Be3 d6 7.Qd2 Nf6 8.f3 
O-O 9.O-O-O Nxd4 10.Bxd4 Be6 11.Kb1 Qc7 12.g4 Rfc8 13.h4 Qa5 14.Qg5 Qxg5 
15.hxg5 Nd7 16.Nd5 Bxd5 17.exd5 Bxd4 18.Rxd4 Rc5 19.c4 Rac8 20.Be2 R5c7 
21.b3 Nc5 22.Bd1 e5 23.dxe6 Nxe6 24.Rxd6 Nxg5 25.Re1 Ne6 26.Bc2 b6 27.Be4 
Kg7 28.Kb2 Nc5 29.Bb1 Rc6 30.Rdd1 Rf6 31.Re3 Rf4 32.Kc3 Rc7 33.b4 Ne6 34.
Be4 Kf6 35.Rh1 Ng5 36.Bd5 Re7 37.Rxe7 Kxe7 38.Kd3 Kd6 39.Ke3 Ke5 40.a4 f5 
41.gxf5 Kxf5 42.a5 b5 43.c5 Rxb4 44.c6 Ne6 45.Rxh7 Ke5 46.Be4 Rc4 47.Rxa7 
Nc5 48.Bxg6 Rc3+ 49.Ke2 Kd6 50.Be8 b4 51.Rh7 b3 52.c7 Ne6 53.Rd7+ Ke5 54.
Rd1 Rxc7 55.Rb1 Rc2+ 56.Kd1 Nc5 57.Rxb3 Nxb3 58.Kxc2 Nxa5 1/2-1/2

[Event "XIV American Continental"]
[Site "Sao Paulo BRA"]
[Date "2019.07.11"]
[Round "9.16"]
[White "Tsuboi, Edson Kenji"]
[Black "Quintiliano Pinto, Renato R."]
[Result "0-1"]
[WhiteElo "2233"]
[BlackElo "2443"]
[EventDate "2019.07.05"]
[PlyCount "72"]
[EventRounds "11"]
[EventCountry "BRA"]

1.e4 c5 2.Nf3 d6 3.d4 cxd4 4.Nxd4 Nf6 5.Nc3 a6 6.Be3 e6 7.Be2 Be7 8.O-O 
O-O 9.f4 Nc6 10.Qe1 Nxd4 11.Bxd4 b5 12.a3 Bb7 13.Qg3 g6 14.Bf3 a5 15.Rae1 
b4 16.axb4 axb4 17.Nd1 Nd7 18.Qf2 Rc8 19.Qd2 e5 20.Be3 Qc7 21.Qxb4 Nf6 22.
Qc3 Qd7 23.Qd3 Qc6 24.Nc3 Ba6 25.Qd2 Bxf1 26.Rxf1 Qb7 27.Rb1 Rfd8 28.Nd5 
Nxd5 29.exd5 exf4 30.Bd4 Bf8 31.Qxf4 Bg7 32.Bxg7 Kxg7 33.Qd4+ Kg8 34.c4 
Qb4 35.b3 Re8 36.Qf2 Rxc4 0-1

[Event "XIV American Continental"]
[Site "Sao Paulo BRA"]
[Date "2019.07.11"]
[Round "9.17"]
[White "Sarkar, Justin"]
[Black "Acosta, Pablo Alejandro"]
[Result "1/2-1/2"]
[WhiteElo "2389"]
[BlackElo "1992"]
[EventDate "2019.07.05"]
[PlyCount "34"]
[EventRounds "11"]
[EventCountry "BRA"]

1.d4 Nf6 2.c4 e6 3.Nc3 d5 4.Bg5 Be7 5.Nf3 h6 6.Bxf6 Bxf6 7.Qb3 c5 8.dxc5 
dxc4 9.Qxc4 O-O 10.e3 Qa5 11.Rc1 Na6 12.Nd2 Qxc5 13.Nde4 Qe7 14.Nxf6+ Qxf6
15.Qf4 Qxf4 16.exf4 b6 17.Nb5 Rd8 1/2-1/2

[Event "XIV American Continental"]
[Site "Sao Paulo BRA"]
[Date "2019.07.11"]
[Round "9.18"]
[White "Di Berardino, Diego Rafael"]
[Black "Guimaraes, Diogo Duarte"]
[Result "0-1"]
[WhiteElo "2506"]
[BlackElo "2307"]
[EventDate "2019.07.05"]
[PlyCount "66"]
[EventRounds "11"]
[EventCountry "BRA"]

1.e4 e5 2.Nf3 Nc6 3.Bb5 Nf6 4.O-O Bc5 5.Nxe5 Nxe5 6.d4 c6 7.dxe5 Nxe4 8.
Bd3 d5 9.exd6 Nf6 10.Re1+ Be6 11.Nc3 Qxd6 12.Bg5 Qd4 13.Qf3 O-O 14.Bxf6 
Qxf6 15.Bxh7+ Kxh7 16.Qh5+ Kg8 17.Qxc5 Qf5 18.Ne4 Rfd8 19.Qc3 Rd5 20.Ng3 
Qf4 21.Rad1 Rad8 22.Rxd5 Rxd5 23.a3 a5 24.h3 Kf8 25.Nf1 Kg8 26.Qe3 Qc4 27.
Qc1 Qh4 28.Rd1 Rg5 29.Ng3 Bd5 30.Qe3 Rg6 31.Rd4 Qf6 32.c4 Be6 33.f4 Rxg3 
0-1

[Event "XIV American Continental"]
[Site "Sao Paulo BRA"]
[Date "2019.07.11"]
[Round "9.21"]
[White "Garcia Cardenas, Pablo"]
[Black "Filgueiras, Nathan Felipe"]
[Result "1-0"]
[WhiteElo "2443"]
[BlackElo "2259"]
[EventDate "2019.07.05"]
[PlyCount "81"]
[EventRounds "11"]
[EventCountry "BRA"]

1.d4 Nf6 2.c4 e6 3.Nf3 b6 4.a3 Bb7 5.Nc3 d5 6.cxd5 Nxd5 7.Qc2 c5 8.e4 Nxc3
9.bxc3 Qc7 10.Bb5+ Bc6 11.Bd3 Nd7 12.O-O Be7 13.Re1 Bb7 14.Qe2 Rc8 15.Bb2 
O-O 16.Rad1 c4 17.Bc2 b5 18.d5 Nc5 19.Nd4 a6 20.Qg4 Qb6 21.Bc1 Rfe8 22.
dxe6 fxe6 23.e5 Bf8 24.Re3 Rc7 25.Bxh7+ Kxh7 26.Rh3+ Kg8 27.Qg6 Rd8 28.
Qh7+ Kf7 29.Qh5+ Kg8 30.Qh7+ Kf7 31.Qh5+ Kg8 32.Bg5 Rdd7 33.Rh4 Nd3 34.
Rxd3 cxd3 35.Qh7+ Kf7 36.Qh5+ Kg8 37.Qh8+ Kf7 38.Rf4+ Kg6 39.g4 Kxg5 40.
Rf5+ exf5 41.Qh5+ 1-0

[Event "XIV American Continental"]
[Site "Sao Paulo BRA"]
[Date "2019.07.11"]
[Round "9.22"]
[White "Gauche, Charles"]
[Black "Bittencourt, Jorge"]
[Result "0-1"]
[WhiteElo "2200"]
[BlackElo "2433"]
[EventDate "2019.07.05"]
[PlyCount "76"]
[EventRounds "11"]
[EventCountry "BRA"]

1.e4 e5 2.Nf3 Nc6 3.Bb5 a6 4.Ba4 Nf6 5.d3 d6 6.c3 g6 7.O-O Bg7 8.Nbd2 O-O 
9.Re1 b5 10.Bc2 d5 11.a4 Rb8 12.Nf1 Re8 13.Bg5 d4 14.axb5 axb5 15.Qc1 Bg4 
16.Nh4 Qd6 17.h3 Bd7 18.Ra6 Ra8 19.Qa1 Rxa6 20.Qxa6 dxc3 21.bxc3 b4 22.Bd2
bxc3 23.Bxc3 Qc5 24.Qa1 Nh5 25.Ne3 Nf4 26.Bb1 Nd4 27.Nd1 Nfe2+ 28.Kf1 Qe7 
29.Nf3 Nxc3 30.Qxc3 Nxf3 31.gxf3 Bxh3+ 32.Ke2 Be6 33.Ne3 Rb8 34.Rc1 h5 35.
Bc2 h4 36.Ba4 Qg5 37.Qa1 Ra8 38.Rg1 Rxa4 0-1